000 00727nam a22001937a 4500
005 20251108171031.0
008 250721s1982 xx 000 0 ara d
082 1 4 _aط/214.2/سمي
100 1 _aالزين، سميح عاطف
245 1 0 _aإبراهيم عليه السلام و إسماعيل عليه السلام و لوط عليه السلام /
250 _aط2.
264 1 _aبيروت :
_bدار الكتاب اللبناني،
_c1982.
300 _a116ص.
490 0 _aقصص الانبياء في القرآن الكريم المختارة من مجمع البيان الحديث ،3
650 1 7 _aالنبوات
653 _aناشاون صغار (10-14) سنه
942 _2ddc
_cBK
999 _c54879
_d54879